Skim latex as a potential soil conditioner in a sandy loam soil (Record no. 68752)
[ view plain ]
| 000 -LEADER | |
|---|---|
| fixed length control field | 01250nam a2200229Ia 4500 |
| 100 ## - MAIN ENTRY--AUTHOR NAME | |
| Personal name | Sen K K |
| 245 #0 - TITLE STATEMENT | |
| Title | Skim latex as a potential soil conditioner in a sandy loam soil |
| 260 ## - PUBLICATION, DISTRIBUTION, ETC. (IMPRINT) | |
| Name of publisher | Indian Journal of Natural Rubber Research |
| Year of publication | 1990 |
| 300 ## - PHYSICAL DESCRIPTION | |
| Number of Pages | 22-28 |
| 520 ## - SUMMARY, ETC. | |
| Summary, etc | Skim latex- a waste material of rubber latex processing industry - was tested for the modification of physical properties of a sandy loam soil. Treatments, at 0.05, 0.10 and 0.20 per cent concentrations, were found to enhance water stable aggregates by 6, 29 and 56 per cent, modulus of rupture by 15, 23 and 28 per cent respectively. The treatments increased the pore sizes corresponding to 30 and 60 cm H2O suction and decreased the available water content. Soil water diffusivity at the lower side of the moisture content was reduced and eavaporation from the soil surface suppressed by the treatments. |
| 650 ## - SUBJECT ADDED ENTRY--TOPICAL TERM | |
| Topical Term | Modulus of rupture |
| 650 ## - SUBJECT ADDED ENTRY--TOPICAL TERM | |
| Topical Term | Moisture retention |
| 650 ## - SUBJECT ADDED ENTRY--TOPICAL TERM | |
| Topical Term | Natural rubber |
| 650 ## - SUBJECT ADDED ENTRY--TOPICAL TERM | |
| Topical Term | Rubber treatment |
| 650 ## - SUBJECT ADDED ENTRY--TOPICAL TERM | |
| Topical Term | Saturated hydraulic conductivity |
| 650 ## - SUBJECT ADDED ENTRY--TOPICAL TERM | |
| Topical Term | Skim latex |
| 650 ## - SUBJECT ADDED ENTRY--TOPICAL TERM | |
| Topical Term | Soil conditioners |
| 650 ## - SUBJECT ADDED ENTRY--TOPICAL TERM | |
| Topical Term | Water stable aggregates |
| 700 ## - ADDED ENTRY--PERSONAL NAME | |
| Personal name | Datta B |
| 942 ## - ADDED ENTRY ELEMENTS (KOHA) | |
| Koha item type | Journals |
| Withdrawn status | Lost status | Damaged status | Not for loan | Home library | Current library | Date acquired | Serial Enumeration / chronology | Koha item type |
|---|---|---|---|---|---|---|---|---|
| Journals | RRII Library | RRII Library | 17/12/2021 | Volume 3, Issue 1 | Journals |